000 00342nam a2200145Ia 4500
005 20251222152650.0
008 251222s9999||||xx |||||||||||||| ||spa||
020 _a8422650169
082 _a813.54/P28
100 _aPatterson, James
245 0 _aLa Hora de la Araña
250 _a1ra.ed.
264 _bCírculo de Lectores
942 _cLIB
999 _c28412
_d28412